00524 2200193 4500001002100000005001700021008004100038020002200079035002400101082001000125090002100135100001400156245005500170260003000225300002700255504001700282650001000299990002100309YOGYA-0612000000124020120621204506.0 ind  a978-602-191-222-5 0010-061200000001238 a951.9 aDep 951.9bKur W aKURNIAWAN aWonderful korea / Kurniawan; editor dirusdi Toanto aJogjakartabLaksanac2012 a244 hlm.bilus.c20 cm ahlm. 237-244 aKorea aCB-D.11 2012-384